| 000 | 00760nam a22002177a 4500 | ||
|---|---|---|---|
| 999 |
_c20186 _d20186 |
||
| 003 | AR-CdUCM | ||
| 008 | 190527b ||||| |||| 00| 0 spa d | ||
| 040 |
_aMUNICIPALIDAD PROVINCIAL DEL CUSCO _cBIBLIOTECA MUNICIPAL DEL CUSCO |
||
| 082 |
_a901.1 / _bS54 |
||
| 100 |
_aSigerist, Henry E. _934592 |
||
| 245 | _aCivilización y enfermedad / | ||
| 260 |
_aMéxico : _bFondo de cultura económica, _c1946. |
||
| 300 |
_a286 páginas ; _bFotografías, _c22 cm. |
||
| 505 | _aContenido: Hombre -- Gula -- Costumbres griegas -- Traje del siglo xix... | ||
| 650 |
_aEnfermedades _95611 |
||
| 650 |
_aCiencias sociales _91096 |
||
| 650 |
_aMéxico _918 |
||
| 700 |
_aAguirre Dávila, Ramón (traducción) _942198 |
||
| 942 |
_2ddc _cLIBROS |
||
| 945 |
_adavv _d2019-05-27 |
||